Elements per al disseny i la implantació d'una oficina local d'habitatge
ISBN:
978-84-9803-312-0
Publicado:
Barcelona :
Diputació de Barcelona. Àrea d'Infraestructres, Urbanisme i Habitatge. Gerència de Serveis d'Habitatge, Urbanisme i Activitats ,
2008
Descripción Física:
103 p. ; 29 cm
Colección:
Documents de treball. Territori ; 8
Materias:
Catalunya -- Política de l'habitatge
MARC
| LEADER | 00000nam a2200000Ia 4500 | ||
|---|---|---|---|
| 001 | 21759 | ||
| 008 | 160829s2008 xx 000 0 cat d | ||
| 020 | |a 978-84-9803-312-0 | ||
| 080 | |a C-3-218 | ||
| 245 | |a Elements per al disseny i la implantació d'una oficina local d'habitatge | ||
| 260 | |a Barcelona : |b Diputació de Barcelona. Àrea d'Infraestructres, Urbanisme i Habitatge. Gerència de Serveis d'Habitatge, Urbanisme i Activitats, |c 2008 | ||
| 300 | |a 103 p. ; |c 29 cm | ||
| 490 | |a Documents de treball. Territori ; 8 | ||
| 651 | 0 | |a Catalunya |x Política de l'habitatge |9 53525 | |
| 710 | 1 | |a Barcelona (Catalunya : Província). |b Gerència de Serveis d'Habitatge, Urbanisme i Activitats |9 52885 | |
| 901 | |a Arxiu | ||
| 942 | |n 1 | ||
| 952 | |0 0 |1 0 |4 0 |6 C3218 |7 1 |9 52830 |a Arxiu |b Arxiu |d 2016-12-01 |l 0 |o C-3-218 |p 21759 |r 2016-12-01 00:00:00 |w 2016-12-01 |y ARXIU | ||
| 999 | |c 56679 |d 56679 | ||